BIBLIOTECA

SENCICO

Geometría moderna : (Registro nro. 448)

Detalles MARC
000 -LEADER
fixed length control field 01272nam a2200241Ia 4500
003 - CONTROL NUMBER IDENTIFIER
control field PE SENCICO BE
005 - DATE AND TIME OF LATEST TRANSACTION
control field 20251020182438.0
008 - FIXED-LENGTH DATA ELEMENTS--GENERAL INFORMATION
fixed length control field 200515s9999 xx 000 0 und d
040 ## - CATALOGING SOURCE
Original cataloging agency PE SENCICO BE
Transcribing agency PE SENCICO BE
041 ## - LANGUAGE CODE
Language code of text/sound track or separate title spa
082 ## - DEWEY DECIMAL CLASSIFICATION NUMBER
Classification number 516
Item number J92
100 1# - MAIN ENTRY--PERSONAL NAME
Personal name Jurgensen, Ray C.
9 (RLIN) 3183
Relator term autor
245 10 - TITLE STATEMENT
Title Geometría moderna :
Remainder of title estructura y método /
Statement of responsibility, etc. Ray C. Jurgensen, Alfred J. Donnelly, Mary P. Dolciani
260 ## - PUBLICATION, DISTRIBUTION, ETC.
Place of publication, distribution, etc. México D.F. :
Name of publisher, distributor, etc. Publicaciones Cultural ;
Date of publication, distribution, etc. 1977
300 ## - PHYSICAL DESCRIPTION
Extent 590 páginas :
Other physical details tablas, diagramas ;
Dimensions 23 cm.
505 0# - FORMATTED CONTENTS NOTE
Formatted contents note Elementos de geometría -- La inducción como método de descubrimiento -- Deducción y demostración -- Relaciones entre ángulos; rectas perpendiculares -- Rectas paralelas y planos -- Triángulos congruentes -- Polígonos semejantes -- Trigonometría -- Circunferencia, arcos y ángulos -- Construcciones y lugares geométricos -- Geometría de coordenadas - métodos -- Geometría de coordenadas: demostraciones -- Áreas de polígonos y de círculos -- Áreas y volúmenes de sólidos.
650 10 - SUBJECT ADDED ENTRY--TOPICAL TERM
Topical term or geographic name entry element Geometría
9 (RLIN) 21
650 20 - SUBJECT ADDED ENTRY--TOPICAL TERM
Topical term or geographic name entry element Polígonos
9 (RLIN) 3141
650 20 - SUBJECT ADDED ENTRY--TOPICAL TERM
Topical term or geographic name entry element Trigonometría
9 (RLIN) 2104
700 1# - ADDED ENTRY--PERSONAL NAME
9 (RLIN) 3184
Personal name Donnelly, Alfred J.
Relator term autor
700 1# - ADDED ENTRY--PERSONAL NAME
9 (RLIN) 3114
Personal name Dolciani, Mary P.
Relator term autor
942 ## - ADDED ENTRY ELEMENTS (KOHA)
Koha item type Libros
Source of classification or shelving scheme Dewey Decimal Classification
Existencias
Fecha de la última vez que lo usaron Número de ingreso o de inventario Pago total Signatura topográfica completa Código de barras Precio efectivo desde Tipo de documento Estado perdido Sistema de clasificación Estado dañado No es para préstamo Retirado Ubicación permanente Ubicación actual Fecha de adquisición
15/05/2020 13343   516/J92 BibLima25070008 15/05/2020 Libros   Dewey Decimal Classification       Biblioteca Central Lima Biblioteca Central Lima 15/05/2020